000
00208 a2200097 4500
001
9071
090
_c
7250
_d
7250
100
_a
Shelley, P B
245
_a
Shelley poetry and prose (Transfered to SOA)
260
_b
Oxford
942
_a
NUST-CAE
999
_c
244144
_d
244144